| 000 | 00958cam a2200301 a 4500 | ||
|---|---|---|---|
| 001 | 21004 | ||
| 003 | BD-RjUL | ||
| 005 | 20211209000634.0 | ||
| 008 | 140303r19561955enk 001 i eng d | ||
| 035 |
_a(CSt)notisANU0358 _a(BD-RjUL)21066 |
||
| 035 | _a(OCoLC)11568763 | ||
| 035 | _a(CStRLIN)CSUGANU0358-B | ||
| 040 |
_aEUN _cEUN _dm/c _dUkOxU _dBD-RjUL _beng |
||
| 041 | _aeng | ||
| 082 |
_a826.7 _bAUJ 1956 |
||
| 100 | 1 |
_aAusten, Jane, _d1775-1817. _964907 |
|
| 245 | 1 | 0 |
_aJane Austen : _bletters 1796-1817 / _cselected and edited by R.W. Chapman. |
| 246 | 3 | 0 | _aLetters 1796-1817 |
| 260 |
_aLondon : _bOxford University Press, _c1955 [reprinted 1956] |
||
| 300 |
_ax, 226 p. : _c15 cm. |
||
| 504 | _aIncludes indexes. | ||
| 600 | 1 | 0 |
_aAusten, Jane, _d1775-1817. _965164 |
| 830 | 0 |
_v549 _965165 |
|
| 700 | 1 |
_aChapman, R. W. _q(Robert William), _d1881-1960. _955820 |
|
| 830 | 0 |
_aWorld's classics ; _965166 |
|
| 942 |
_2ddc _cBK |
||
| 999 |
_c21004 _d21004 |
||